Análisis de balances : (Registro nro. 6510)
[ vista simple ]
| 000 -LEADER | |
|---|---|
| fixed length control field | 01101nam a22002297a 4500 |
| 003 - CONTROL NUMBER IDENTIFIER | |
| control field | OSt |
| 005 - DATE AND TIME OF LATEST TRANSACTION | |
| control field | 20200213094309.0 |
| 008 - FIXED-LENGTH DATA ELEMENTS--GENERAL INFORMATION | |
| fixed length control field | 200213s2012 sp ||||r|||| 001 0 spa d |
| 020 ## - INTERNATIONAL STANDARD BOOK NUMBER | |
| International Standard Book Number | 9788415504665 |
| 040 ## - CATALOGING SOURCE | |
| Original cataloging agency | CO-JMCR |
| Transcribing agency | CO-JMCR |
| 082 04 - DEWEY DECIMAL CLASSIFICATION NUMBER | |
| Classification number | 658.1 / |
| Item number | A487a |
| 100 ## - MAIN ENTRY--PERSONAL NAME | |
| Personal name | Amat, Oriol, |
| Relator term | autor |
| 9 (RLIN) | 541 |
| 245 ## - TITLE STATEMENT | |
| Title | Análisis de balances : |
| Remainder of title | claves para elaborar un análisis de las cuentas anuales : Con casos prácticos resueltos |
| 260 ## - PUBLICATION, DISTRIBUTION, ETC. | |
| Place of publication, distribution, etc. | [España] : |
| Name of publisher, distributor, etc. | Profit, |
| Date of publication, distribution, etc. | 2012 |
| 300 ## - PHYSICAL DESCRIPTION | |
| Extent | 124 páginas : |
| Other physical details | ilustraciones a blanco y negro ; |
| Dimensions | 21 cm. |
| 490 ## - SERIES STATEMENT | |
| Series statement | Colección: MBA práctico |
| 504 ## - BIBLIOGRAPHY, ETC. NOTE | |
| Bibliography, etc. note | Bibliografía páginas 123-124. |
| 505 ## - FORMATTED CONTENTS NOTE | |
| Formatted contents note | Introducción y análisis cualitativo de la empresa -- Cuentas anuales e informe de auditoria -- Estados contables previsionales --Análisis patrimonial y financiero -- Análisis de la capacidad para generar beneficios, valor y crecimiento -- Formulación del diagnóstico, recomendaciones y justificación de las medidas propuestas |
| 650 14 - SUBJECT ADDED ENTRY--TOPICAL TERM | |
| Topical term or geographic name entry element | Empresas comerciales |
| General subdivision | Finanzas |
| 9 (RLIN) | 542 |
| 650 14 - SUBJECT ADDED ENTRY--TOPICAL TERM | |
| Topical term or geographic name entry element | Corporaciones |
| General subdivision | Finanzas |
| 9 (RLIN) | 543 |
| 942 ## - ADDED ENTRY ELEMENTS (KOHA) | |
| Source of classification or shelving scheme | Dewey Decimal Classification |
| Koha item type | Books |
| Withdrawn status | Lost status | Source of classification or shelving scheme | Damaged status | Not for loan | Home library | Current library | Shelving location | Date acquired | Source of acquisition | Cost, normal purchase price | Total Checkouts | Full call number | Barcode | Date last seen | Copy number | Price effective from | Koha item type |
|---|---|---|---|---|---|---|---|---|---|---|---|---|---|---|---|---|---|
| Dewey Decimal Classification | Biblioteca Pública José María del Castillo y Rada | Biblioteca Pública José María del Castillo y Rada | Processing Center | 01/30/2024 | Donación | 0.00 | 658.1 / A487a | 201809642 | 05/16/2024 | Ej.1 | 02/13/2020 | Books |